| 000 | 00852nam a2200181Ia 4500 | ||
|---|---|---|---|
| 008 | 100920s9999 xx 000 0 und d | ||
| 082 |
_b56907 _a51 थ 91 |
||
| 100 | _aगुरव बाबुराव. | ||
| 245 | _aअण्णा भाऊ साठे : समाजविचार आणि साहित्यविवेचन. | ||
| 260 |
_bलोकवाङ्रमय गृह प्रा. लि., मुंबई. _c1991 |
||
| 300 |
_a206 _bसाधी |
||
| 365 | _b60 | ||
| 520 | _aचरित्र. | ||
| 630 | _aअण्णा भाऊ साठे : समाजविचार आणि साहित्यविवेचन. | ||
| 650 | _aचरित्र. | ||
| 730 | _aअण्णा भाऊ साठे : समाजविचार आणि साहित्यविवेचन. | ||
| 942 | _cBOOK | ||
| 999 |
_c700920 _d700917 |
||